000 00557nam a2200169 a 4500
001 000016550
005 20200929164928.0
008 100308s1984 dr 000 0 spa d
040 _aDO-SdBNP
_bspa
_cBNPHU
082 _axxxx
_bK19a
100 1 _aKassa Acta, Rafael
_936796
245 1 0 _aAportes a la introducción de la historiografía médica dominicana /
_cRafael Kasse Acta.
260 _aSanto Domingo :
_bCENAPEC,
_c1984.
300 _a108 p. ;
_c22 cm.
504 _aIncluye referencias bibliográficas y notas al pie de las páginas
049 _aBNPD
999 _c16083
_d16083